| 000 | 00506nam a2200205Ia 4500 | ||
|---|---|---|---|
| 008 | 170918s9999 xx 000 0 und d | ||
| 020 | _a9780375846670 | ||
| 050 | _bG798an 2008 | ||
| 100 | _aGreenburg, J. C. | ||
| 245 | _aIn the desert / | ||
| 245 | _cby J. C. Greenburg ; illustrated by Jan Gerardi. | ||
| 260 | _aNew York : | ||
| 260 | _bRandom House, | ||
| 260 | _c2008 | ||
| 300 | _a82 pages : | ||
| 300 | _billustrations ; | ||
| 300 | _c19cm. | ||
| 300 | _eAndrew lost ; | ||
| 440 | _a17 | ||
| 999 |
_c344344 _d344344 |
||